01611nam a2200361 a 4500001001000000003000500010005001700015008004100032010001100073011001100084040000900095090001000104100004000114245018800154260004100342500006000383502009000443590004000533590004000573590004000613650003500653650004000688650004000728650005800768700004500826856007000871901000700941942001000948942000600958999001900964952013100983952013501114000114638CHAP20220329144451.0180313s2017 mx a fsm |||||||spa d a111099 a112071 cCHAP aTesis1 aGarcía Toral, Juan Manuel913485410aAnálisis de redes de innovación del sistema de bovinos de doble propósito en Ocosingo, Chiapas /h[En línea]cpor Juan Manuel García Toral y Victoria Cielo Hernández Cruz. aChapingo, Méx. :bEl autor,c2017. aPara ver el contenido del material haga clic en la liga aTesis (Lic. en Redes Agroalimentarias) -- UACH. Centro Regional Universitario Oriente aE8697GMMb05c20180313lUCH01h1254 aE8697GMMb05c20180313lUCH01h1256 aE8697GMMb05c20180313lUCH01h144114aGanado vacunoxChiapas.94544214aGanado vacunoxProducción.94550614aGanado vacunoxRendimiento.912647314aGanado vacunoxTransferencia de tecnología.91348591 aHernández Cruz, Victoria Cielo9134855 aFinding aiduhttp://10.13.5.2/tesis/sist114638.pdfzTeclea aquí aBK cTESIS n0 c111099d111099 00104054718TESISaBCbBCd2018-03-13fTESISl0oTesisp114639-10r2019-12-31 00:00:00w2019-12-31yTESISzRecien adquirido 00102local4053708TESISaBCbBCcPA_TESISd2018-03-13fTESISl0oTesisp114639-20r2019-12-31 00:00:00tc.2w2019-12-31yTESIS